• 首页
  • 本馆介绍
  • 公告通知
  • 最新文献
  • 馆藏检索
  • 电子资源
  • 读者导购
  • 参考咨询
  • 我的图书馆
  • 登录
  • 详细信息显示
  • 放入我的书架
  • 预约/预借图书
  • 作者相关作品
  • 分类相关作品
  • 丛书相关作品
  • 出版社相关作品

书目信息

  • 表格格式
  • 工作单格式
  • 卡片格式
题名:
煤炭及其加工产品检验技术
    
 
作者: 彭建喜 , 谷丽琴 主编
分册:  
出版信息: 北京   化学工业出版社  2006.11
页数: 258页
开本: 21cm
丛书名:
单 册:
中图分类: TQ533
科图分类:
主题词: 煤炭--检验--高等教育--教材 , 煤炭工业--工业产品--检验--高等教育--教材 , 煤炭 , 煤炭工业 , 工业产品
电子资源:
ISBN: 978-7-5025-7918-0
000 01024nam0 2200301 45
001 1360517609
005 20130530160727.45
010    @a978-7-5025-7918-0@dCNY16.00
100    @a20130513d2006 em y0chiy0110 ea
101 0  @achi
102    @aCN@b110000
105    @ay z 000yy
106    @ar
200 1  @a煤炭及其加工产品检验技术@AMei Tan Ji Qi Jia Gong Chan Pin Jian Yan Ji Shu@f彭建喜,谷丽琴主编@FPeng Jian Xi, Gu Li Qin Zhu Bian
210    @a北京@c化学工业出版社@d2006.11
215    @a258页@d21cm
300    @a高等职业化学检验技能操作与实训
330    @a本书重点介绍了原煤、煤炭洗选、型煤、水煤浆、煤质活性炭、焦炭、煤焦油等产品的基础知识、质量指标、检验原理和方法。
606 0  @a煤炭@x检验@x高等教育@j教材
606 0  @a煤炭工业@x工业产品@x检验@x高等教育@j教材
606 0  @a煤炭
606 0  @a煤炭工业
606 0  @a工业产品
690    @aTQ533@v5
701  0 @a彭建喜@APeng Jian Xi@4主编
701  0 @a谷丽琴@AGu Li Qin@4主编
801    @aCN@bTANGWEI@c20130522
905    @b0834578-80@dTQ533@e44@f3
    
    煤炭及其加工产品检验技术/彭建喜,谷丽琴主编.-北京:化学工业出版社,2006.11
    258页;21cm
    高等职业化学检验技能操作与实训
    
    ISBN 978-7-5025-7918-0:CNY16.00
    本书重点介绍了原煤、煤炭洗选、型煤、水煤浆、煤质活性炭、焦炭、煤焦油等产品的基础知识、质量指标、检验原理和方法。
●
相关链接 在E读中查询图书 在五车中查询图书 在当当中查询图书 在豆瓣中查询图书


正题名:煤炭及其加工产品检验技术     索取号:TQ533/44         预约/预借

序号 登录号 条形码 馆藏地/架位号 状态 备注
1 0834578   208345780   第二样本阅览室/ [索取号:TQ533/44] 在馆    
2 0834579   208345799   第三借阅区/ [索取号:TQ533/44] 在馆    
3 0834580   208345806   第三借阅区/ [索取号:TQ533/44] 在馆    
唐山师范学院图书馆 欢迎您!
大连网信软件有限公司© 版权所有